00329 2200133 4500001002100000005001500021035002000036245005600056260003900112082000800151084001200159990001200171990001200183INLIS00000000000263020250605031815 a0010-0625000216 aAkhlak Mulia Sebagai Gerakan Pribadi /cAspar, S.Pd aJakarta :bPT. Dian Ariesta,c2002 a200 a200 AKH a0320123 a0320124